[Event "EU-chT Seniors"]
[Site "Rogaska Slatina"]
[Date "2012.03.29"]
[Round "3.8"]
[White "Pekun, Cem"]
[Black "Garriga Nualart, Josep"]
[Result "0-1"]
[WhiteElo "2127"]
[BlackElo "2319"]
[PlyCount "44"]
[EventDate "2012.03.27"]
[EventType "team-swiss"]
[EventRounds "9"]
[EventCountry "SLO"]
[SourceTitle "CBM 147 Extra"]
[Source "ChessBase"]
[SourceDate "2012.04.24"]
[SourceVersion "1"]
[SourceVersionDate "2012.04.24"]
[SourceQuality "1"]
[WhiteTeam "Turkey (Seniors)"]
[BlackTeam "Catalunya (Seniors)"]
[WhiteTeamCountry "TUR"]
[BlackTeamCountry "ESP"]

1. e4 e5 2. Bc4 Nf6 3. d4 exd4 4. Nf3 Nxe4 5. Qxd4 Nf6 6. Nc3 Nc6 7. Qh4 Be7 8. Bg5 d6 9. 0-0-0 Be6 10. Bd3 Qd7 11. Bb5 Kf8 12. Rhe1 h6 13. Ne5 Qe8 14. Ng6+ Kg8 15. Nxe7+ Qxe7 16. Nd5 Bxd5 17. Rxe7 hxg5 18. Qxh8+ Kxh8 19. Rxc7 Ne5 20. f3 a6 21. Bf1 Rg8 22. b3 Bc6 0-1

[Event "EU-chT Seniors"]
[Site "Rogaska Slatina"]
[Date "2012.03.28"]
[Round "2.14"]
[White "Hellwege, Werner"]
[Black "Pekun, Cem"]
[Result "0-1"]
[WhiteElo "2029"]
[BlackElo "2127"]
[PlyCount "92"]
[EventDate "2012.03.27"]
[EventType "team-swiss"]
[EventRounds "9"]
[EventCountry "SLO"]
[SourceTitle "CBM 147 Extra"]
[Source "ChessBase"]
[SourceDate "2012.04.24"]
[SourceVersion "1"]
[SourceVersionDate "2012.04.24"]
[SourceQuality "1"]
[WhiteTeam "Niedersachsen (Seniors)"]
[BlackTeam "Turkey (Seniors)"]
[WhiteTeamCountry "GER"]
[BlackTeamCountry "TUR"]

1. d4 c5 2. d5 d6 3. c4 g6 4. Nc3 Bg7 5. e4 Nf6 6. f4 0-0 7. Bd3 e6 8. Nf3 exd5 9. cxd5 Re8 10. 0-0 Nbd7 11. a4 a6 12. Qc2 Rb8 13. Nd2 Ng4 14. Nf3 Qc7 15. h3 c4 16. hxg4 cxd3 17. Qxd3 Nc5 18. Qc4 Qe7 19. e5 Bxg4 20. Be3 Rbc8 21. Ne4 Nxe4 22. Qxe4 dxe5 23. d6 Qxd6 24. fxe5 Bxf3 25. exd6 Rxe4 26. Rxf3 Rxe3 27. Rxe3 Bd4 28. Kf2 Re8 29. Rae1 Rxe3 30. Rxe3 Kf8 31. Kf3 Bxe3 32. Kxe3 Ke8 33. Ke4 f6 34. b4 Kd7 35. Kd5 h5 36. Kc5 h4 37. b5 g5 38. Kb6 axb5 39. axb5 g4 40. Kxb7 h3 41. b6 hxg2 42. Ka8 g1Q 43. b7 Qa1+ 44. Kb8 Kxd6 45. Kc8 Qc3+ 46. Kb8 Qa5 0-1

[Event "Wch Seniors 21st"]
[Site "Rijeka"]
[Date "2011.11.19"]
[Round "5"]
[White "Kolbak, Jens"]
[Black "Pekun, Cem"]
[Result "1-0"]
[WhiteElo "2262"]
[BlackElo "2139"]
[PlyCount "85"]
[EventDate "2011.11.15"]
[EventType "swiss"]
[EventRounds "11"]
[EventCountry "CRO"]
[SourceTitle "CBM 145 Extra"]
[Source "ChessBase"]
[SourceDate "2012.01.03"]
[SourceVersion "1"]
[SourceVersionDate "2012.01.03"]
[SourceQuality "1"]

1. d4 c5 2. c3 b6 3. e4 d6 4. Nf3 g6 5. Bb5+ Bd7 6. Bxd7+ Qxd7 7. 0-0 Bg7 8. Qe2 e6 9. Rd1 cxd4 10. cxd4 Ne7 11. Nc3 0-0 12. d5 e5 13. a4 h6 14. Nd2 f5 15. f3 a6 16. Nc4 Qc7 17. Be3 Nd7 18. Rac1 Rfc8 19. Nd2 f4 20. Bf2 b5 21. axb5 axb5 22. Qxb5 Rab8 23. Qa4 Rxb2 24. Qa3 Qb8 25. Rb1 Rxb1 26. Rxb1 Qc7 27. Nb5 Qc2 28. Nxd6 Rc3 29. Qa8+ Kh7 30. Be1 Nc8 31. Nxc8 Rxc8 32. Qa7 Rc7 33. Qa5 Bf8 34. Bf2 Qxb1+ 35. Nxb1 Rc1+ 36. Be1 Rxb1 37. Kf1 Nc5 38. Qa7+ Kg8 39. Qa2 Rc1 40. Ke2 Bd6 41. Kd2 Nd3 42. Kxd3 Rxe1 43. Qa5 1-0

[Event "EU-chT Seniors"]
[Site "Thessaloniki"]
[Date "2011.05.08"]
[Round "6"]
[White "Skalkotas, Nikolaos"]
[Black "Pekun, Cem"]
[Result "1/2-1/2"]
[WhiteElo "2183"]
[BlackElo "2151"]
[PlyCount "49"]
[EventDate "2011.05.03"]
[EventType "team-swiss"]
[EventRounds "9"]
[EventCountry "GRE"]
[SourceTitle "CBM 142 Extra"]
[Source "ChessBase"]
[SourceDate "2011.06.27"]
[SourceVersion "1"]
[SourceVersionDate "2011.06.27"]
[SourceQuality "1"]
[WhiteTeam "Greece"]
[BlackTeam "Turkey"]
[WhiteTeamCountry "GRE"]
[BlackTeamCountry "TUR"]

1. c4 Nf6 2. Nf3 g6 3. Nc3 Bg7 4. d4 0-0 5. Bg5 c5 6. e3 d6 7. Be2 Nc6 8. d5 Nb8 9. e4 Bg4 10. 0-0 Bxf3 11. Bxf3 Nbd7 12. Qd2 a6 13. a4 Qa5 14. Be2 Rfe8 15. Qc2 e6 16. Bd2 Qc7 17. Rfe1 exd5 18. exd5 Re7 19. Bf1 Rae8 20. Rxe7 Rxe7 21. h3 h6 22. Re1 Qd8 23. Rxe7 Qxe7 24. Qc1 h5 25. Qe1 1/2-1/2

[Event "EU-chT Seniors 12th"]
[Site "Dresden"]
[Date "2010.02.16"]
[Round "7"]
[White "Versteeg, Cees"]
[Black "Pekun, Cem"]
[Result "0-1"]
[WhiteElo "2052"]
[BlackElo "2229"]
[PlyCount "80"]
[EventDate "2010.02.10"]
[EventType "team-swiss"]
[EventRounds "9"]
[EventCountry "GER"]
[SourceTitle "CBM 134 Extra"]
[Source "ChessBase"]
[SourceDate "2010.03.03"]
[SourceVersion "1"]
[SourceVersionDate "2010.03.03"]
[SourceQuality "1"]
[WhiteTeam "Oranje (Seniors) II"]
[BlackTeam "Turkey (Seniors)"]
[WhiteTeamCountry "NED"]
[BlackTeamCountry "TUR"]

1. e4 c5 2. Nf3 e6 3. d4 cxd4 4. Nxd4 a6 5. c4 Nf6 6. Nc3 Qc7 7. Be2 Be7 8. 0-0 0-0 9. Be3 Nc6 10. Rc1 Ne5 11. b3 d6 12. f4 Ng6 13. Kh1 Bd7 14. g4 Bc6 15. Nxc6 bxc6 16. g5 Ne8 17. Bg4 e5 18. f5 Nf4 19. Bxf4 exf4 20. h4 h6 21. f6 Bd8 22. Rxf4 hxg5 23. hxg5 gxf6 24. gxf6 Bxf6 25. Bf5 Bg5 26. Qh5 f6 27. Rg1 Qf7 28. Rxg5+ fxg5 29. Qxg5+ Ng7 30. Bh7+ Kxh7 31. Rxf7 Rxf7 32. Qh4+ Kg8 33. Qg3 Raf8 34. Kg2 Rf6 35. Ne2 Kh7 36. Qh3+ Rh6 37. Qd7 Rg6+ 38. Ng3 Kg8 39. Kh3 Rf3 40. Qxd6 Rxd6 0-1

[Event "EU-chT Seniors 12th"]
[Site "Dresden"]
[Date "2010.02.13"]
[Round "4"]
[White "Pekun, Cem"]
[Black "Gundersen, Helge Folmer"]
[Result "0-1"]
[WhiteElo "2229"]
[BlackElo "2220"]
[PlyCount "64"]
[EventDate "2010.02.10"]
[EventType "team-swiss"]
[EventRounds "9"]
[EventCountry "GER"]
[SourceTitle "CBM 134 Extra"]
[Source "ChessBase"]
[SourceDate "2010.03.03"]
[SourceVersion "1"]
[SourceVersionDate "2010.03.03"]
[SourceQuality "1"]
[WhiteTeam "Turkey (Seniors)"]
[BlackTeam "Norway (Seniors)"]
[WhiteTeamCountry "TUR"]
[BlackTeamCountry "NOR"]

1. e4 e6 2. d4 d5 3. Nc3 Bb4 4. exd5 exd5 5. Qf3 Qe7+ 6. Be3 Nf6 7. h3 Nc6 8. Bb5 Bd7 9. Nge2 Bxc3+ 10. bxc3 Ne4 11. 0-0 0-0 12. Rfe1 Ne5 13. dxe5 Bxb5 14. Nf4 Qxe5 15. Bd4 Qf5 16. g4 Ng5 17. Qxd5 Qxf4 18. Qxb5 Nxh3+ 19. Kf1 Qxg4 20. Qxb7 c5 21. Be3 Rae8 22. Qh1 Re5 23. Rad1 Rh5 24. Qg2 Qc4+ 25. Rd3 h6 26. Qf3 Rh4 27. Qd5 Qg4 28. Qg2 Qh5 29. Rd5 f5 30. f3 Ng5 31. Rd7 Rh2 32. Qg3 f4 0-1

[Event "EU-ch Seniors 09th"]
[Site "Rogaska Slatina"]
[Date "2009.07.30"]
[Round "9"]
[White "Pekun, Cem"]
[Black "Gruzmann, Boris"]
[Result "0-1"]
[WhiteElo "2164"]
[BlackElo "2236"]
[PlyCount "84"]
[EventDate "2009.07.22"]
[EventType "swiss"]
[EventRounds "9"]
[EventCountry "SLO"]
[SourceTitle "CBM 131 Extra"]
[Source "ChessBase"]
[SourceDate "2009.09.03"]
[SourceVersion "2"]
[SourceVersionDate "2009.09.16"]
[SourceQuality "1"]

1. e4 c5 2. Nf3 d6 3. d4 cxd4 4. Nxd4 Nf6 5. Nc3 a6 6. f4 e5 7. Nf3 Qc7 8. Bd3 Nbd7 9. 0-0 Be7 10. Kh1 0-0 11. Nh4 Nc5 12. fxe5 dxe5 13. Nf5 Bxf5 14. Rxf5 Rad8 15. Qe2 Ne6 16. Be3 Nd4 17. Bxd4 exd4 18. Nd5 Nxd5 19. exd5 g6 20. Qg4 Bd6 21. h4 Rde8 22. Raf1 Re3 23. R5f3 Rxf3 24. Rxf3 Be5 25. h5 Kg7 26. a4 Qd6 27. Be4 Qb4 28. Rf1 f5 29. h6+ Kg8 30. Qh3 Qxb2 31. g3 Qa3 32. Bd3 Qxa4 33. Re1 Bf6 34. Re6 Qa1+ 35. Kh2 Qc1 36. d6 Kf7 37. Re2 Re8 38. Rxe8 Kxe8 39. Qg2 Qxh6+ 40. Kg1 Qe3+ 41. Kh2 Be5 42. Kh1 Qxg3 0-1

[Event "EU-ch Seniors 09th"]
[Site "Rogaska Slatina"]
[Date "2009.07.29"]
[Round "8"]
[White "Mlynek, Petr"]
[Black "Pekun, Cem"]
[Result "1/2-1/2"]
[WhiteElo "2205"]
[BlackElo "2164"]
[PlyCount "131"]
[EventDate "2009.07.22"]
[EventType "swiss"]
[EventRounds "9"]
[EventCountry "SLO"]
[SourceTitle "CBM 131 Extra"]
[Source "ChessBase"]
[SourceDate "2009.09.03"]
[SourceVersion "2"]
[SourceVersionDate "2009.09.16"]
[SourceQuality "1"]

1. d4 Nf6 2. c4 c5 3. d5 e6 4. Nc3 exd5 5. cxd5 d6 6. e4 g6 7. f4 Bg7 8. e5 Nfd7 9. Nb5 dxe5 10. Nd6+ Ke7 11. Nxc8+ Qxc8 12. Nf3 Re8 13. Bc4 Kf8 14. 0-0 e4 15. Ng5 Bd4+ 16. Kh1 h6 17. f5 hxg5 18. fxg6 f6 19. Qh5 Ke7 20. g7 Kd6 21. Qg6 Kc7 22. d6+ Kb6 23. g8Q Rxg8 24. Qxg8 Qxg8 25. Bxg8 Na6 26. Bh7 Re8 27. Bf5 Kc6 28. Bd2 Kxd6 29. Bc3 Nb6 30. Rfe1 Kd5 31. Re2 Nc4 32. Rd1 e3 33. Bg4 Ne5 34. Bh5 Rh8 35. Bf3+ Nxf3 36. gxf3 Re8 37. a3 Nc7 38. b4 b6 39. bxc5 bxc5 40. a4 Kc4 41. Bxd4 cxd4 42. Rc2+ Kb3 43. Rxc7 e2 44. Rb1+ Ka2 45. Re1 Kb2 46. Kg2 d3 47. Rd7 Kc3 48. Kf2 f5 49. Rxa7 Rh8 50. Rh1 Re8 51. Rc7+ Kd2 52. Rcc1 f4 53. a5 Re6 54. Ra1 Kc2 55. a6 d2 56. a7 e1Q+ 57. Rhxe1 dxe1Q+ 58. Rxe1 Ra6 59. Re7 Ra3 60. Rd7 Kc3 61. Kg2 Kc4 62. Rg7 Kd4 63. Rxg5 Rxa7 64. Rf5 Ra2+ 65. Kh3 Ke3 66. Rb5 1/2-1/2

[Event "EU-ch Seniors 09th"]
[Site "Rogaska Slatina"]
[Date "2009.07.26"]
[Round "5"]
[White "Pekun, Cem"]
[Black "Ovesen, Karsten"]
[Result "1-0"]
[WhiteElo "2164"]
[BlackElo "1918"]
[PlyCount "71"]
[EventDate "2009.07.22"]
[EventType "swiss"]
[EventRounds "9"]
[EventCountry "SLO"]
[SourceTitle "CBM 131 Extra"]
[Source "ChessBase"]
[SourceDate "2009.09.03"]
[SourceVersion "2"]
[SourceVersionDate "2009.09.16"]
[SourceQuality "1"]

1. e4 c6 2. d4 d5 3. Nc3 dxe4 4. Nxe4 Nf6 5. Nxf6+ gxf6 6. Nf3 Bf5 7. Bd3 Bg6 8. 0-0 e6 9. Re1 Bd6 10. c4 Be7 11. Bf4 Nd7 12. Nh4 Nb6 13. Nxg6 hxg6 14. Bg3 Qxd4 15. Rxe6 Qd7 16. Re3 0-0-0 17. Qc2 Bd6 18. a4 Bxg3 19. Rxg3 Qc7 20. b4 Nd7 21. h3 f5 22. Bf1 Ne5 23. b5 f4 24. Rb3 c5 25. a5 Qe7 26. a6 b6 27. Qe4 Kb8 28. Qxf4 Rd4 29. Qe3 Qf6 30. Rc1 g5 31. Re1 Ng6 32. Rd3 Rhd8 33. Rxd4 Rxd4 34. g3 Rd6 35. Qe4 Rd7 36. Bg2 1-0

[Event "EU-ch Seniors 09th"]
[Site "Rogaska Slatina"]
[Date "2009.07.25"]
[Round "4"]
[White "Tavcar, Rado"]
[Black "Pekun, Cem"]
[Result "1/2-1/2"]
[WhiteElo "2054"]
[BlackElo "2164"]
[PlyCount "72"]
[EventDate "2009.07.22"]
[EventType "swiss"]
[EventRounds "9"]
[EventCountry "SLO"]
[SourceTitle "CBM 131 Extra"]
[Source "ChessBase"]
[SourceDate "2009.09.03"]
[SourceVersion "2"]
[SourceVersionDate "2009.09.16"]
[SourceQuality "1"]

1. e4 c5 2. d4 cxd4 3. c3 d3 4. Bxd3 Nc6 5. f4 Nf6 6. Nf3 g6 7. 0-0 Bg7 8. Qe2 0-0 9. Kh1 d6 10. Be3 b6 11. Nbd2 Bb7 12. Rad1 Qc7 13. Nd4 Rad8 14. Bg1 e5 15. Nb5 Qb8 16. f5 d5 17. fxg6 hxg6 18. exd5 Nxd5 19. Be3 Nxe3 20. Qxe3 Ne7 21. Be4 Ba6 22. a4 f5 23. Bc2 e4 24. Bb3+ Kh7 25. Nc4 Bh6 26. Qh3 Nd5 27. g4 fxg4 28. Qxg4 Nf6 29. Qe6 Rde8 30. Qc6 e3 31. Rxf6 e2 32. Qd7+ Kh8 33. Rxf8+ Rxf8 34. Qd4+ Kh7 35. Qd7+ Kh8 36. Qd4+ Kh7 1/2-1/2

[Event "Wch Seniors 18th"]
[Site "Bad Zwischenahn"]
[Date "2008.11.03"]
[Round "7"]
[White "Pekun, Cem"]
[Black "Malisov, Boris"]
[Result "0-1"]
[WhiteElo "2125"]
[BlackElo "2390"]
[PlyCount "78"]
[EventDate "2008.10.28"]
[EventType "swiss"]
[EventRounds "11"]
[EventCountry "GER"]
[SourceTitle "EXT 2009"]
[Source "ChessBase"]
[SourceDate "2008.11.26"]
[SourceVersion "1"]
[SourceVersionDate "2008.11.26"]
[SourceQuality "1"]

1. e4 c6 2. d4 d5 3. Nd2 g6 4. c3 Bg7 5. Ngf3 Nh6 6. Bd3 0-0 7. 0-0 f6 8. Re1 Nf7 9. exd5 cxd5 10. c4 e6 11. Nf1 Na6 12. cxd5 exd5 13. Qb3 Qb6 14. Qxb6 axb6 15. Bd2 Bd7 16. Re7 Rfd8 17. a3 Bf8 18. Re2 Nc7 19. Rae1 Kg7 20. h3 Bb5 21. Bxb5 Nxb5 22. Re6 Bd6 23. Ne3 Nc7 24. Rxd6 Rxd6 25. Nh4 Rc6 26. Bc3 Re8 27. g4 Nd6 28. Rd1 Nc4 29. Nxc4 Rxc4 30. Ng2 Nb5 31. Ne3 Nxc3 32. bxc3 Rxc3 33. Nxd5 Rxa3 34. Nxb6 Rxh3 35. d5 Rb3 36. Nc4 Rd8 37. d6 Rb4 38. Ne3 Rb6 39. d7 Rc6 0-1

[Event "Wch Seniors 18th"]
[Site "Bad Zwischenahn"]
[Date "2008.11.01"]
[Round "5"]
[White "Pekun, Cem"]
[Black "Brinck Claussen, Bjorn"]
[Result "1/2-1/2"]
[WhiteElo "2125"]
[BlackElo "2275"]
[PlyCount "62"]
[EventDate "2008.10.28"]
[EventType "swiss"]
[EventRounds "11"]
[EventCountry "GER"]
[SourceTitle "EXT 2009"]
[Source "ChessBase"]
[SourceDate "2008.11.26"]
[SourceVersion "1"]
[SourceVersionDate "2008.11.26"]
[SourceQuality "1"]

1. c4 e5 2. g3 Nf6 3. Bg2 d5 4. cxd5 Nxd5 5. Nc3 Nb6 6. Nf3 Nc6 7. 0-0 Be7 8. d3 0-0 9. Be3 Bg4 10. Rc1 Re8 11. Na4 Nd4 12. Bxd4 exd4 13. Nc5 Bxc5 14. Rxc5 Qd6 15. Rc1 c6 16. Re1 Rad8 17. h3 Be6 18. Qd2 h6 19. Qa5 Ra8 20. Nd2 Qd7 21. Kh2 Bd5 22. Ne4 Qf5 23. Rc5 Nd7 24. Nd6 Qxf2 25. Rxd5 cxd5 26. Rf1 Qxe2 27. Nxe8 Rxe8 28. Qxd5 Nf6 29. Qxd4 Re3 30. Qxa7 Rxd3 31. Qf2 Rd2 1/2-1/2

[Event "EU-chT Seniors 10th"]
[Site "Dresden"]
[Date "2008.02.16"]
[Round "6.1"]
[White "Walter, Guenter"]
[Black "Pekun, Cem"]
[Result "1/2-1/2"]
[WhiteElo "2281"]
[BlackElo "2111"]
[PlyCount "36"]
[EventDate "2008.02.11"]
[EventType "team-swiss"]
[EventRounds "9"]
[EventCountry "GER"]
[SourceTitle "CBM 122 Extra"]
[Source "ChessBase"]
[SourceDate "2008.03.04"]
[SourceVersion "1"]
[SourceVersionDate "2008.03.04"]
[SourceQuality "1"]
[WhiteTeam "Brandenburg"]
[BlackTeam "Turkey"]
[WhiteTeamCountry "GER"]
[BlackTeamCountry "TUR"]

1. d4 Nf6 2. c4 c5 3. d5 e6 4. Nc3 exd5 5. cxd5 d6 6. Nf3 g6 7. Bg5 Bg7 8. e3 0-0 9. Be2 Bg4 10. 0-0 Bxf3 11. Bxf3 Nbd7 12. Re1 Re8 13. a4 Qa5 14. Ra3 a6 15. e4 c4 16. Bd2 Qc7 17. b4 cxb3 18. Rxb3 Nc5 1/2-1/2